000 004940000a22001690004500
003 MACL
005 20160110144137.0
008 160110b xxu||||| |||| 00| 0 eng d
040 _aMACL
_cMACL
041 _aEnglish
082 _a739/PER
100 _aPerry, J Tavenor
_931026
245 _aDinanderie
_bA history and description of Mediaeval Art Work in Copper Brass and Bronze
260 _bGeorge Allen & Unwin Ltd
_c1910
_aLondon
650 _aMetal Work
_931027
942 _cBK
_k739/PER
_2ddc
999 _c38397
_d38397